000 00488nam a2200169 i 4500
001 22018
003 ES-MaACL
005 20250325063043.0
007 t|
008 021129s1959 sp ||||1| spa d
100 0 _aAlfaro Gracia, Emilio,
_d1932-1994
_919814
245 1 0 _aMano abierta
_b: Tenerife, poemas /
_cEmilio Alfaro GracĂ­a.
260 _aZaragoza :
_bCoso,
_c[1959]
300 _a66 p. ;
_c21 cm.
852 _aES-MaACL
_j2015-F-14
_bR.44071
999 _c22018
_d22018